000 01020cam a22003373a 4500
001 12631152
003 OSt
005 20140310184457.0
008 890925s1989 nyu j 000 0 eng d
010 _a 2001546163
020 _a0590453432
035 _a(OCoLC)ocm20387278
040 _aUUC
_cUUC
_dJED
_dDLC
_dWaU
_dDLC
042 _alccopycat
050 _aPZ 7
_b.St783 1977
100 1 _aStamper, Judith Bauer.
_95076
245 1 0 _aTales for the midnight hour /
_cJ.B. Stamper.
260 _aNew York :
_bScholastic Inc,
_c1977.
300 _a124 p. :
_c18 cm.
500 _a"13 stories of horror"--Cover.
500 _a"An Apple paperback."
521 _aG4
526 _c650
541 _j1
650 0 _aHorror tales
_vJuvenile.
_928424
655 7 _aHorror fiction.
_2gsafd
_93405
710 2 _aCopyright Paperback Collection (Library of Congress)
_5DLC
_9705
906 _a7
_bcbc
_ccopycat
_d2
_encip
_f20
_gy-genrareb
942 _2lcc
_cBK-SCHOLAS
999 _c34673
_d34673